00490 a2200169 4500001000700000020001800007040002200025041001600047082002100063100004100084245008200125250001100207260003000218300000800248362001300256490005100269137776 a9788583370833 cLeonardo Da Vinci aPortuguês a519.2 A532bA532 aMORGADO, Augusto César... [et al.] aAnálise combinatória e probabilidade com as soluções dos exercícios a10. ed bSBMc2016aRio de Janeiro a326 a20160000 aColeção do Professor de Matemática, v. 2